• 首页
  • 本馆介绍
  • 公告通知
  • 最新文献
  • 馆藏检索
  • 电子资源
  • 读者导购
  • 参考咨询
  • 我的图书馆
  • 登录
  • 详细信息显示
  • 放入我的书架
  • 预约/预借图书
  • 作者相关作品
  • 分类相关作品
  • 丛书相关作品
  • 出版社相关作品

书目信息

  • 表格格式
  • 工作单格式
  • 卡片格式
题名:
视觉传达设计
    
 
作者: 余永海 , 周旭 主编
分册:  
出版信息: 北京   高等教育出版社  2018.8
页数: 206页
开本: 28cm
丛书名:
单 册:
中图分类: J504
科图分类:
主题词: 视觉形象--实用美术--视觉设计--高等学校--教材
电子资源:
ISBN: 978-7-04-019263-6
000 01247nam0 2200277 45
001 489708
005 20140818100213.0
010    @a978-7-04-019263-6@dCNY55.30
099    @aCAL 012006083114
100    @a20060818d2006 ek y0chiy0110 ea
101 0  @achi
102    @aCN@b110000
105    @aa a 000yy
106    @ar
200 1  @a视觉传达设计@AShi Jue Chuan Da She Ji@f余永海, 周旭主编
210    @a北京@c高等教育出版社@d2018.8
215    @a206页@c彩图@d28cm
300    @a普通高等教育“十五”国家级规划教材
320    @a有书目 (第206页)
330    @a本书是普通高等教育“十五”国家级规划教材,是针对本科工业设计、艺术设计类专业而编写的。使用本教材要求学生掌握一些基本的图形知识和表现技巧,并有一定的创意思维能力,预先学习过设计基础类课程(如构成等)和掌握一定电脑设计技能。本书共12章,分为三大部分,对应教学的三个层次。第一部分是视觉传达的基础,主要讲述视觉信息的设计表达。第二部分是提高的部分,培养学生对画面的整体控制能力。第三部分是应用与实践部分,从不同应用角度增强学生对视觉传达设计的理解和应用能力。
606 0  @a视觉形象@x实用美术@x视觉设计@x高等学校@j教材
690    @aJ504@v5
701  0 @a余永海@AYu Yong Hai@4主编
701  0 @a周旭@AZhou Xu@4主编
801    @aCN@b江苏凤凰@c20211018
905    @b1356072-4@dJ504@e615@f3
    
    视觉传达设计/余永海, 周旭主编.-北京:高等教育出版社,2018.8
    206页:彩图;28cm
    普通高等教育“十五”国家级规划教材
    
    ISBN 978-7-04-019263-6:CNY55.30
    本书是普通高等教育“十五”国家级规划教材,是针对本科工业设计、艺术设计类专业而编写的。使用本教材要求学生掌握一些基本的图形知识和表现技巧,并有一定的创意思维能力,预先学习过设计基础类课程(如构成等)和掌握一定电脑设计技能。本书共12章,分为三大部分,对应教学的三个层次。第一部分是视觉传达的基础,主要讲述视觉信息的设计表达。第二部分是提高的部分,培养学生对画面的整体控制能力。第三部分是应用与实践部分,从不同应用角度增强学生对视觉传达设计的理解和应用能力。
●
相关链接 在E读中查询图书 在五车中查询图书 在当当中查询图书 在豆瓣中查询图书


正题名:视觉传达设计     索取号:J504/615         预约/预借

序号 登录号 条形码 馆藏地/架位号 状态 备注
1 1356072   213560724   第一样本阅览室/ [索取号:J504/615] 在馆    
2 1356073   213560733   第一借阅区/ [索取号:J504/615] 在馆    
3 1356074   213560742   第一借阅区/ [索取号:J504/615] 在馆    
唐山师范学院图书馆 欢迎您!
大连网信软件有限公司© 版权所有